[Event "U12-U20 French Championships"]
[Site "chess24.com"]
[Date "2019.04.15"]
[Round "2"]
[White "Philippe, Guillaume"]
[Black "Francez, Theo"]
[Result "1-0"]
[Board "2"]
[WhiteTitle "FM"]
[WhiteElo "2352"]
[WhiteCountry "FRA"]
[WhiteFideId "36048763"]
[WhiteEloChange "2"]
[BlackElo "1968"]
[BlackCountry "FRA"]
[BlackFideId "26065762"]
[BlackEloChange "-2"]

1. e4 {[%clk 1:30:53]} e6 {[%clk 1:30:51]} 2. d4 {[%clk 1:30:40]} d5 {[%clk
1:31:11]} 3. Nd2 {[%clk 1:30:52]} Nc6 {[%clk 1:31:23]} 4. Ngf3 {[%clk 1:30:22]}
Nf6 {[%clk 1:31:37]} 5. e5 {[%clk 1:30:23]} Nd7 {[%clk 1:31:59]} 6. Be2 {[%clk
1:30:27]} f6 {[%clk 1:31:57]} 7. exf6 {[%clk 1:30:09]} Qxf6 {[%clk 1:32:20]} 8.
Nf1 {[%clk 1:30:26]} Bd6 {[%clk 1:32:02]} 9. Ne3 {[%clk 1:29:53]} O-O {[%clk
1:31:27]} 10. O-O {[%clk 1:30:16]} Qg6 {[%clk 1:31:16]} 11. c4 {[%clk 1:17:27]}
Nf6 {[%clk 1:28:38]} 12. Bd3 {[%clk 1:14:00]} Qh5 {[%clk 1:23:30]} 13. h3 {[%clk
1:14:04]} Bd7 {[%clk 1:09:40]} 14. b3 {[%clk 1:01:47]} e5 {[%clk 1:00:57]} 15.
Nxd5 {[%clk 0:56:23]} Nxd5 {[%clk 0:55:27]} 16. cxd5 {[%clk 0:56:48]} Nxd4 {[%clk
0:55:52]} 17. Nxd4 {[%clk 0:56:24]} Qxd1 {[%clk 0:56:12]} 18. Rxd1 {[%clk
0:56:41]} exd4 {[%clk 0:56:34]} 19. Bb2 {[%clk 0:56:27]} Rf4 {[%clk 0:40:56]} 20.
g3 {[%clk 0:47:34]} Rff8 {[%clk 0:32:58]} 21. Bf1 {[%clk 0:47:25]} Bc5 {[%clk
0:30:05]} 22. Bxd4 {[%clk 0:46:53]} Bxd4 {[%clk 0:30:29]} 23. Rxd4 {[%clk
0:47:13]} Rf6 {[%clk 0:30:39]} 24. Rc1 {[%clk 0:45:30]} Rc8 {[%clk 0:29:20]} 25.
Rdc4 {[%clk 0:44:23]} c6 {[%clk 0:23:08]} 26. Bg2 {[%clk 0:42:27]} Rcf8 {[%clk
0:09:03]} 27. dxc6 {[%clk 0:41:23]} Bxc6 {[%clk 0:09:14]} 28. Bxc6 {[%clk
0:41:18]} bxc6 {[%clk 0:09:37]} 29. R1c2 {[%clk 0:41:24]} Rc8 {[%clk 0:09:18]}
30. b4 {[%clk 0:41:23]} a6 {[%clk 0:06:22]} 31. Rc5 {[%clk 0:39:15]} Rb8 {[%clk
0:06:39]} 32. a3 {[%clk 0:39:28]} Rf3 {[%clk 0:05:21]} 33. Ra5 {[%clk 0:39:32]}
Rb6 {[%clk 0:05:22]} 34. Rd2 {[%clk 0:39:42]} Rf8 {[%clk 0:05:01]} 35. Rd7 {[%clk
0:39:55]} Rf7 {[%clk 0:03:35]} 36. Rxf7 {[%clk 0:39:07]} Kxf7 {[%clk 0:04:04]}
37. Kf1 {[%clk 0:39:25]} Ke8 {[%clk 0:03:21]} 38. Ke2 {[%clk 0:39:44]} Kd8 {[%clk
0:03:48]} 39. Kd3 {[%clk 0:39:59]} Kc8 {[%clk 0:03:10]} 40. Rf5 {[%clk 0:40:02]}
1-0

[Event "U12-U20 French Championships"]
[Site "chess24.com"]
[Date "2019.04.15"]
[Round "2"]
[White "Conjat, Esteban"]
[Black "Pigeat, Alexandre"]
[Result "0-1"]
[Board "3"]
[WhiteElo "1969"]
[WhiteCountry "FRA"]
[WhiteFideId "36047554"]
[WhiteEloChange "-2"]
[BlackTitle "FM"]
[BlackElo "2347"]
[BlackCountry "FRA"]
[BlackFideId "20649444"]
[BlackEloChange "2"]

1. e4 {[%clk 1:30:57]} e6 {[%clk 1:30:50]} 2. d4 {[%clk 1:31:23]} d5 {[%clk
1:31:17]} 3. Nc3 {[%clk 1:31:48]} Bb4 {[%clk 1:31:29]} 4. e5 {[%clk 1:32:09]} Ne7
{[%clk 1:31:42]} 5. a3 {[%clk 1:32:32]} Bxc3+ {[%clk 1:31:46]} 6. bxc3 {[%clk
1:32:55]} b6 {[%clk 1:31:48]} 7. a4 {[%clk 1:29:32]} Ba6 {[%clk 1:31:31]} 8. Bxa6
{[%clk 1:27:12]} Nxa6 {[%clk 1:31:52]} 9. Qd3 {[%clk 1:27:04]} Nb8 {[%clk
1:31:50]} 10. Ba3 {[%clk 1:25:23]} Nbc6 {[%clk 1:27:20]} 11. Nf3 {[%clk 1:22:50]}
Na5 {[%clk 1:22:30]} 12. Nd2 {[%clk 1:20:14]} Ng6 {[%clk 1:19:58]} 13. Bb4 {[%clk
1:11:03]} Nc6 {[%clk 1:19:59]} 14. Qb5 {[%clk 1:06:37]} Kd7 {[%clk 1:19:04]} 15.
Qd3 {[%clk 0:55:03]} h5 {[%clk 1:15:19]} 16. g3 {[%clk 0:45:34]} h4 {[%clk
1:14:16]} 17. O-O-O {[%clk 0:45:29]} Kc8 {[%clk 1:05:56]} 18. f4 {[%clk 0:41:26]}
Qd7 {[%clk 1:06:03]} 19. Qa6+ {[%clk 0:39:04]} Kd8 {[%clk 0:55:30]} 20. Nb3
{[%clk 0:37:55]} Nce7 {[%clk 0:49:33]} 21. c4 {[%clk 0:33:28]} Nf5 {[%clk
0:40:30]} 22. cxd5 {[%clk 0:27:04]} exd5 {[%clk 0:35:42]} 23. Qb7 {[%clk
0:25:59]} Rc8 {[%clk 0:36:01]} 24. Rhg1 {[%clk 0:25:08]} hxg3 {[%clk 0:26:15]}
25. hxg3 {[%clk 0:25:11]} Rh3 {[%clk 0:24:38]} 26. Rd3 {[%clk 0:21:11]} Nfe7
{[%clk 0:23:17]} 27. Rc3 {[%clk 0:14:42]} Qxa4 {[%clk 0:20:25]} 28. Bxe7+ {[%clk
0:13:57]} Nxe7 {[%clk 0:20:49]} 29. Kb2 {[%clk 0:12:43]} a5 {[%clk 0:19:50]} 30.
f5 {[%clk 0:12:39]} f6 {[%clk 0:15:29]} 31. exf6 {[%clk 0:11:44]} gxf6 {[%clk
0:15:49]} 32. Re1 {[%clk 0:11:50]} Rh8 {[%clk 0:12:40]} 33. Rxe7 {[%clk 0:06:54]}
Kxe7 {[%clk 0:12:45]} 34. Rxc7+ {[%clk 0:05:47]} Rxc7 {[%clk 0:13:08]} 35. Qxc7+
{[%clk 0:06:11]} Qd7 {[%clk 0:10:05]} 36. Qxb6 {[%clk 0:06:35]} Qxf5 {[%clk
0:09:46]} 37. Nxa5 {[%clk 0:06:30]} Rc8 {[%clk 0:08:08]} 38. Nc6+ {[%clk
0:06:16]} Ke8 {[%clk 0:07:16]} 39. Nb4 {[%clk 0:05:55]} Rd8 {[%clk 0:05:09]} 40.
g4 {[%clk 0:04:46]} Qf4 {[%clk 0:05:18]} 41. c3 {[%clk 0:03:04]} Qd6 {[%clk
0:04:24]} 42. Qb5+ {[%clk 0:03:09]} Kf7 {[%clk 0:04:32]} 43. Qd3 {[%clk 0:03:23]}
Kg7 {[%clk 0:04:53]} 44. Qf5 {[%clk 0:03:28]} Qd7 {[%clk 0:05:03]} 45. Qh5 {[%clk
0:03:10]} Qe6 {[%clk 0:04:40]} 46. g5 {[%clk 0:02:33]} f5 {[%clk 0:04:41]} 47.
Qh1 {[%clk 0:02:38]} Qe2+ {[%clk 0:04:43]} 48. Ka3 {[%clk 0:01:57]} Ra8+ {[%clk
0:04:29]} 49. Kb3 {[%clk 0:02:26]} Qc4+ {[%clk 0:04:50]} 50. Kb2 {[%clk 0:02:23]}
Rh8 {[%clk 0:05:11]} 51. Qe1 {[%clk 0:00:46]} Rh2+ {[%clk 0:05:06]} 52. Ka3
{[%clk 0:01:15]} Re2 {[%clk 0:03:44]} 53. Qc1 {[%clk 0:01:14]} Re4 {[%clk
0:02:04]} 54. Kb2 {[%clk 0:00:41]} f4 {[%clk 0:02:08]} 55. Qd1 {[%clk 0:00:30]}
0-1

[Event "U12-U20 French Championships"]
[Site "chess24.com"]
[Date "2019.04.15"]
[Round "2"]
[White "Budak, Lori"]
[Black "Aouachria, Marwa"]
[Result "0-1"]
[Board "6"]
[WhiteElo "1679"]
[WhiteCountry "FRA"]
[WhiteFideId "36037630"]
[WhiteEloChange "-8"]
[BlackTitle "CM"]
[BlackElo "1738"]
[BlackCountry "FRA"]
[BlackFideId "7902751"]
[BlackEloChange "8"]

1. e4 {[%clk 1:30:56]} c5 {[%clk 1:31:25]} 2. Nc3 {[%clk 1:31:19]} e6 {[%clk
1:25:38]} 3. g3 {[%clk 1:26:24]} Nc6 {[%clk 1:25:44]} 4. Bg2 {[%clk 1:26:39]}
Nge7 {[%clk 1:26:08]} 5. f4 {[%clk 1:26:51]} g6 {[%clk 1:26:20]} 6. Nf3 {[%clk
1:26:39]} Bg7 {[%clk 1:26:37]} 7. O-O {[%clk 1:26:54]} a6 {[%clk 1:24:42]} 8. d3
{[%clk 1:21:11]} d5 {[%clk 1:23:49]} 9. Ne2 {[%clk 1:16:08]} O-O {[%clk 1:20:29]}
10. c3 {[%clk 1:13:33]} dxe4 {[%clk 1:10:50]} 11. dxe4 {[%clk 1:13:24]} Qc7
{[%clk 1:06:14]} 12. Qc2 {[%clk 1:09:21]} b6 {[%clk 0:59:27]} 13. Be3 {[%clk
1:07:35]} Bb7 {[%clk 0:59:20]} 14. Rad1 {[%clk 1:07:06]} Rfd8 {[%clk 0:57:39]}
15. g4 {[%clk 0:39:14]} Rxd1 {[%clk 0:42:11]} 16. Rxd1 {[%clk 0:39:11]} Rd8
{[%clk 0:41:41]} 17. Ng3 {[%clk 0:33:35]} Na5 {[%clk 0:28:25]} 18. Bc1 {[%clk
0:20:30]} Rd7 {[%clk 0:19:01]} 19. h4 {[%clk 0:15:17]} b5 {[%clk 0:14:43]} 20.
Rxd7 {[%clk 0:11:40]} Qxd7 {[%clk 0:15:08]} 21. Be3 {[%clk 0:11:39]} c4 {[%clk
0:13:14]} 22. Bc5 {[%clk 0:07:04]} Nac6 {[%clk 0:09:34]} 23. Kf2 {[%clk 0:03:50]}
Bf8 {[%clk 0:05:48]} 24. Bd4 {[%clk 0:00:45]} Nxd4 {[%clk 0:05:47]} 25. Nxd4
{[%clk 0:01:05]} Nc6 {[%clk 0:05:53]} 26. Nge2 {[%clk 0:00:53]} Bc5 {[%clk
0:05:57]} 27. Qd2 {[%clk 0:00:41]} e5 {[%clk 0:05:44]} 28. fxe5 {[%clk 0:00:43]}
Qxg4 {[%clk 0:05:26]} 29. Qg5 {[%clk 0:00:35]} Qxg5 {[%clk 0:05:16]} 30. hxg5
{[%clk 0:01:03]} Nxe5 {[%clk 0:05:33]} 31. Kg3 {[%clk 0:00:48]} Be7 {[%clk
0:05:23]} 32. Kf4 {[%clk 0:00:35]} Nd3+ {[%clk 0:05:40]} 33. Ke3 {[%clk 0:00:36]}
Bxg5+ {[%clk 0:06:03]} 34. Kf3 {[%clk 0:00:52]} Ne1+ {[%clk 0:04:50]} 35. Kg4
{[%clk 0:01:04]} Nxg2 {[%clk 0:04:48]} 36. Kxg5 {[%clk 0:01:33]} Bxe4 {[%clk
0:04:50]} 37. Ng3 {[%clk 0:01:10]} Bb7 {[%clk 0:04:38]} 38. Kf6 {[%clk 0:00:42]}
h5 {[%clk 0:04:24]} 39. Nf1 {[%clk 0:00:35]} Ne1 {[%clk 0:03:23]} 40. Ke7 {[%clk
0:00:33]} h4 {[%clk 0:03:09]} 41. Kd6 {[%clk 0:00:41]} Nd3 {[%clk 0:02:37]} 42.
b3 {[%clk 0:00:49]} Kg7 {[%clk 0:01:42]} 43. Kc7 {[%clk 0:01:10]} Bg2 {[%clk
0:01:44]} 44. Nh2 {[%clk 0:00:48]} Nc1 {[%clk 0:00:50]} 45. bxc4 {[%clk 0:01:15]}
bxc4 {[%clk 0:01:12]} 46. a4 {[%clk 0:01:13]} Na2 {[%clk 0:01:10]} 47. Ne2 {[%clk
0:01:32]} g5 {[%clk 0:00:47]} 48. Kb6 {[%clk 0:01:28]} f5 {[%clk 0:00:56]} 49.
Kxa6 {[%clk 0:01:25]} f4 {[%clk 0:00:54]} 50. Nd4 {[%clk 0:01:09]} Nxc3 {[%clk
0:01:03]} 51. a5 {[%clk 0:01:14]} Nd5 {[%clk 0:00:59]} 52. Kb5 {[%clk 0:00:51]}
c3 {[%clk 0:00:58]} 53. Kc5 {[%clk 0:00:55]} Kf6 {[%clk 0:00:33]} 54. Ng4+ {[%clk
0:00:50]} Ke7 {[%clk 0:00:51]} 55. a6 {[%clk 0:00:58]} Nc7 {[%clk 0:00:57]} 56.
a7 {[%clk 0:00:42]} Kd7 {[%clk 0:00:51]} 57. Ne5+ {[%clk 0:00:38]} Kc8 {[%clk
0:00:57]} 58. Kb6 {[%clk 0:00:35]} Na8+ {[%clk 0:00:46]} 59. Ka6 {[%clk 0:00:36]}
Bf1+ {[%clk 0:01:04]} 60. Ka5 {[%clk 0:00:43]} Kb7 {[%clk 0:01:13]} 61. Kb4
{[%clk 0:00:33]} h3 {[%clk 0:00:43]} 62. Ng4 {[%clk 0:00:56]} Bg2 {[%clk
0:00:49]} 63. Kxc3 {[%clk 0:00:54]} f3 {[%clk 0:01:12]} 64. Ne6 {[%clk 0:00:37]}
Nb6 {[%clk 0:01:19]} 65. Nxg5 {[%clk 0:00:38]} Nd5+ {[%clk 0:01:46]} 66. Kd4
{[%clk 0:00:49]} Nf6 {[%clk 0:01:19]} 67. Nh2 {[%clk 0:00:42]} f2 {[%clk
0:01:28]} 68. Kd3 {[%clk 0:00:31]} Ng4 {[%clk 0:00:43]} 69. Nxg4 {[%clk 0:00:30]}
f1Q+ {[%clk 0:01:07]} 70. Ke3 {[%clk 0:00:48]} Qc1+ {[%clk 0:01:27]} 71. Kf2
{[%clk 0:00:39]} Qxg5 {[%clk 0:01:37]} 72. Nh2 {[%clk 0:00:28]} 0-1

[Event "U12-U20 French Championships"]
[Site "chess24.com"]
[Date "2019.04.15"]
[Round "2"]
[White "Ranguin, Anna"]
[Black "Aubert, Laurane"]
[Result "0-1"]
[Board "8"]
[WhiteElo "1539"]
[WhiteCountry "FRA"]
[WhiteFideId "26066696"]
[WhiteEloChange "-2"]
[BlackElo "1953"]
[BlackCountry "FRA"]
[BlackFideId "20690371"]
[BlackEloChange "2"]

1. d4 {[%clk 1:30:54]} d5 {[%clk 1:30:56]} 2. c4 {[%clk 1:31:12]} e6 {[%clk
1:31:22]} 3. Nf3 {[%clk 1:31:22]} Nf6 {[%clk 1:31:46]} 4. Bg5 {[%clk 1:31:18]}
Bb4+ {[%clk 1:29:21]} 5. Nbd2 {[%clk 1:30:28]} h6 {[%clk 1:27:37]} 6. Bf4 {[%clk
1:29:03]} c5 {[%clk 1:21:12]} 7. dxc5 {[%clk 1:24:47]} Bxc5 {[%clk 1:21:02]} 8.
e3 {[%clk 1:24:05]} Nc6 {[%clk 1:20:26]} 9. a3 {[%clk 1:20:46]} a5 {[%clk
1:18:03]} 10. Nb3 {[%clk 1:17:12]} Bd6 {[%clk 1:12:48]} 11. Bxd6 {[%clk 1:16:11]}
Qxd6 {[%clk 1:13:12]} 12. cxd5 {[%clk 1:14:37]} exd5 {[%clk 1:10:48]} 13. h3
{[%clk 1:12:11]} O-O {[%clk 1:06:41]} 14. Bd3 {[%clk 1:11:51]} Ne5 {[%clk
0:59:34]} 15. Nxe5 {[%clk 1:10:51]} Qxe5 {[%clk 0:59:59]} 16. Nd4 {[%clk
1:10:47]} Ne4 {[%clk 0:53:31]} 17. Rc1 {[%clk 1:07:43]} Bd7 {[%clk 0:49:22]} 18.
O-O {[%clk 1:06:54]} Rac8 {[%clk 0:48:45]} 19. Qe2 {[%clk 1:03:45]} Qg5 {[%clk
0:45:20]} 20. Kh1 {[%clk 1:00:13]} Qh4 {[%clk 0:42:12]} 21. Nf3 {[%clk 0:57:15]}
Qh5 {[%clk 0:36:25]} 22. Bb5 {[%clk 0:55:57]} Bxb5 {[%clk 0:32:48]} 23. Qxb5
{[%clk 0:56:02]} Rxc1 {[%clk 0:32:54]} 24. Rxc1 {[%clk 0:55:55]} Nxf2+ {[%clk
0:33:18]} 25. Kg1 {[%clk 0:55:06]} Nxh3+ {[%clk 0:30:41]} 26. Kf1 {[%clk
0:53:30]} Ng5 {[%clk 0:23:41]} 27. Qxd5 {[%clk 0:51:28]} Qh1+ {[%clk 0:23:40]}
28. Ng1 {[%clk 0:51:45]} Nh3 {[%clk 0:23:03]} 29. Ke2 {[%clk 0:49:38]} Nxg1+
{[%clk 0:23:06]} 30. Kd2 {[%clk 0:49:12]} Qh4 {[%clk 0:20:53]} 31. Qxb7 {[%clk
0:47:49]} Qf2+ {[%clk 0:20:18]} 32. Kd3 {[%clk 0:45:59]} Rd8+ {[%clk 0:18:40]}
33. Kc4 {[%clk 0:45:12]} Qxe3 {[%clk 0:16:37]} 34. Rc3 {[%clk 0:44:22]} Qe6+
{[%clk 0:15:15]} 35. Kb5 {[%clk 0:43:18]} Ne2 {[%clk 0:12:15]} 36. Rc7 {[%clk
0:41:25]} Qe8+ {[%clk 0:06:07]} 37. Kc4 {[%clk 0:39:28]} Qa4+ {[%clk 0:05:22]}
38. Kc5 {[%clk 0:38:32]} Qd4+ {[%clk 0:05:05]} 39. Kc6 {[%clk 0:35:27]} Rd6+
{[%clk 0:04:13]} 40. Kb5 {[%clk 0:35:45]} Qxb2+ {[%clk 0:04:08]} 41. Kc4 {[%clk
0:34:39]} Qc3+ {[%clk 0:03:12]} 42. Kb5 {[%clk 0:34:27]} Qb3+ {[%clk 0:03:10]}
43. Kxa5 {[%clk 0:33:16]} Qxa3+ {[%clk 0:03:28]} 44. Kb5 {[%clk 0:33:33]} Qb3+
{[%clk 0:02:50]} 45. Kc5 {[%clk 0:33:24]} Qxb7 {[%clk 0:02:36]} 46. Rxb7 {[%clk
0:33:44]} Rg6 {[%clk 0:02:50]} 0-1

[Event "U12-U20 French Championships"]
[Site "chess24.com"]
[Date "2019.04.15"]
[Round "2"]
[White "Fretel, Liza"]
[Black "Fromherz, Audrey"]
[Result "1-0"]
[Board "9"]
[WhiteElo "1892"]
[WhiteCountry "FRA"]
[WhiteFideId "26045460"]
[WhiteEloChange "2"]
[BlackElo "1531"]
[BlackCountry "FRA"]
[BlackFideId "26035928"]
[BlackEloChange "-2"]

1. e4 {[%clk 1:30:57]} c5 {[%clk 1:30:15]} 2. Nc3 {[%clk 1:31:12]} Nc6 {[%clk
1:30:19]} 3. g3 {[%clk 1:31:35]} g6 {[%clk 1:30:20]} 4. Bg2 {[%clk 1:32:00]} Bg7
{[%clk 1:30:36]} 5. d3 {[%clk 1:32:23]} e6 {[%clk 1:30:24]} 6. Be3 {[%clk
1:32:44]} d6 {[%clk 1:25:13]} 7. Nge2 {[%clk 1:32:56]} Nge7 {[%clk 1:25:06]} 8.
Qd2 {[%clk 1:32:38]} Nd4 {[%clk 1:20:33]} 9. Nd1 {[%clk 1:29:39]} O-O {[%clk
1:11:05]} 10. Nc1 {[%clk 1:29:52]} f5 {[%clk 1:04:01]} 11. c3 {[%clk 1:30:10]}
Ndc6 {[%clk 1:04:02]} 12. h4 {[%clk 1:22:53]} Ne5 {[%clk 0:57:33]} 13. Qe2 {[%clk
1:15:30]} Ng4 {[%clk 0:52:44]} 14. Bg5 {[%clk 1:12:07]} h6 {[%clk 0:48:10]} 15.
Bxe7 {[%clk 1:11:22]} Qxe7 {[%clk 0:48:34]} 16. exf5 {[%clk 1:09:36]} gxf5 {[%clk
0:46:31]} 17. Ne3 {[%clk 1:05:46]} Qf7 {[%clk 0:42:28]} 18. Nxg4 {[%clk 1:04:14]}
fxg4 {[%clk 0:42:51]} 19. O-O {[%clk 1:04:33]} e5 {[%clk 0:40:38]} 20. Nb3 {[%clk
1:04:19]} Rb8 {[%clk 0:38:01]} 21. Na5 {[%clk 0:59:01]} d5 {[%clk 0:35:13]} 22.
c4 {[%clk 0:48:26]} Be6 {[%clk 0:31:24]} 23. cxd5 {[%clk 0:48:09]} Bxd5 {[%clk
0:28:12]} 24. Qxg4 {[%clk 0:44:52]} Bxg2 {[%clk 0:22:46]} 25. Kxg2 {[%clk
0:45:16]} Qd5+ {[%clk 0:23:11]} 26. Qe4 {[%clk 0:45:06]} Qxe4+ {[%clk 0:23:20]}
27. dxe4 {[%clk 0:45:31]} b6 {[%clk 0:22:31]} 28. Nc4 {[%clk 0:45:05]} Rbd8
{[%clk 0:21:48]} 29. f3 {[%clk 0:39:13]} Rd4 {[%clk 0:21:42]} 30. Ne3 {[%clk
0:39:23]} Rd2+ {[%clk 0:21:10]} 31. Rf2 {[%clk 0:39:43]} Rfd8 {[%clk 0:21:25]}
32. Nd5 {[%clk 0:39:49]} Rd3 {[%clk 0:20:26]} 33. h5 {[%clk 0:39:20]} Kf7 {[%clk
0:20:03]} 34. Rc1 {[%clk 0:37:31]} Rc8 {[%clk 0:15:11]} 35. Rfc2 {[%clk 0:37:30]}
Rd4 {[%clk 0:14:23]} 36. b4 {[%clk 0:36:36]} c4 {[%clk 0:13:08]} 37. b5 {[%clk
0:32:13]} Bf8 {[%clk 0:09:44]} 38. Ne3 {[%clk 0:30:19]} Ba3 {[%clk 0:06:19]} 39.
Nxc4 {[%clk 0:29:49]} Bxc1 {[%clk 0:06:22]} 40. Nxe5+ {[%clk 0:01:07]} Ke6 {[%clk
0:05:50]} 41. Rxc8 {[%clk 0:30:33]} Rd2+ {[%clk 0:05:35]} 42. Kh3 {[%clk
0:30:51]} Ba3 {[%clk 0:02:34]} 43. Re8+ {[%clk 0:30:39]} Kf6 {[%clk 0:02:28]} 44.
Ng4+ {[%clk 0:30:12]} Kg7 {[%clk 0:02:43]} 45. Re6 {[%clk 0:30:16]} Rd3 {[%clk
0:02:48]} 46. Rg6+ {[%clk 0:30:08]} Kf8 {[%clk 0:02:49]} 47. Rf6+ {[%clk
0:30:24]} Kg7 {[%clk 0:02:45]} 48. Rf7+ {[%clk 0:30:27]} Kh8 {[%clk 0:02:25]} 49.
Nf6 {[%clk 0:30:49]} 1-0

[Event "U12-U20 French Championships"]
[Site "chess24.com"]
[Date "2019.04.15"]
[Round "2"]
[White "Anastasie, Laure"]
[Black "Bellahcene, Anissa"]
[Result "0-1"]
[Board "10"]
[WhiteElo "1445"]
[WhiteCountry "FRA"]
[WhiteFideId "26091607"]
[WhiteEloChange "-2"]
[BlackElo "1816"]
[BlackCountry "FRA"]
[BlackFideId "678384"]
[BlackEloChange "2"]

1. e4 {[%clk 1:30:58]} e5 {[%clk 1:30:37]} 2. Nf3 {[%clk 1:31:19]} Nc6 {[%clk
1:31:03]} 3. Bc4 {[%clk 1:31:44]} Be7 {[%clk 1:31:10]} 4. O-O {[%clk 1:31:36]} d6
{[%clk 1:31:16]} 5. c3 {[%clk 1:27:17]} Nf6 {[%clk 1:29:54]} 6. Re1 {[%clk
1:22:06]} Bg4 {[%clk 1:29:45]} 7. h3 {[%clk 1:22:09]} Bh5 {[%clk 1:29:53]} 8. Bb5
{[%clk 1:20:52]} O-O {[%clk 1:25:06]} 9. Bxc6 {[%clk 1:21:05]} bxc6 {[%clk
1:25:30]} 10. d4 {[%clk 1:20:53]} exd4 {[%clk 1:24:13]} 11. cxd4 {[%clk 1:20:18]}
d5 {[%clk 1:19:16]} 12. Nbd2 {[%clk 0:05:05]} Bb4 {[%clk 1:16:22]} 13. Qb3 {[%clk
1:15:24]} Rb8 {[%clk 1:16:37]} 14. Qc2 {[%clk 1:09:08]} Nxe4 {[%clk 1:12:48]} 15.
Rxe4 {[%clk 1:07:55]} dxe4 {[%clk 1:12:11]} 16. Nxe4 {[%clk 1:05:44]} Bxf3 {[%clk
1:10:36]} 17. gxf3 {[%clk 1:06:06]} Qxd4 {[%clk 1:10:37]} 18. Be3 {[%clk
1:04:11]} Qd5 {[%clk 1:07:30]} 19. a3 {[%clk 1:03:00]} Be7 {[%clk 1:05:05]} 20.
Rd1 {[%clk 1:03:19]} Qe6 {[%clk 1:04:19]} 21. Ng5 {[%clk 0:50:40]} Bxg5 {[%clk
1:03:56]} 22. Bxg5 {[%clk 0:51:05]} Rb5 {[%clk 1:02:12]} 23. h4 {[%clk 0:49:36]}
Rd5 {[%clk 0:59:23]} 24. Rc1 {[%clk 0:48:37]} h6 {[%clk 0:48:59]} 25. Be3 {[%clk
0:47:19]} Rh5 {[%clk 0:45:52]} 26. Qa4 {[%clk 0:44:56]} Qh3 {[%clk 0:45:36]} 27.
Qg4 {[%clk 0:45:15]} Qxh4 {[%clk 0:43:27]} 28. Qxh4 {[%clk 0:45:35]} Rxh4 {[%clk
0:43:56]} 29. Rxc6 {[%clk 0:45:50]} Rc8 {[%clk 0:43:43]} 30. Bxa7 {[%clk
0:45:43]} Rf4 {[%clk 0:43:46]} 31. Kg2 {[%clk 0:45:39]} Kf8 {[%clk 0:41:54]} 32.
Kg3 {[%clk 0:45:28]} Rf5 {[%clk 0:41:40]} 33. Rc4 {[%clk 0:43:55]} c5 {[%clk
0:39:38]} 34. b4 {[%clk 0:43:11]} Ke8 {[%clk 0:39:05]} 35. Bxc5 {[%clk 0:43:02]}
Kd7 {[%clk 0:37:46]} 36. Rg4 {[%clk 0:36:31]} g6 {[%clk 0:36:16]} 37. Rd4+ {[%clk
0:31:01]} Kc7 {[%clk 0:35:20]} 38. Rc4 {[%clk 0:30:13]} Kb7 {[%clk 0:35:35]} 39.
Rd4 {[%clk 0:29:49]} Ra8 {[%clk 0:32:51]} 40. Rd3 {[%clk 0:26:49]} Kc6 {[%clk
0:32:06]} 41. Be3 {[%clk 0:26:05]} h5 {[%clk 0:32:08]} 42. Bc1 {[%clk 0:24:24]}
Kb5 {[%clk 0:31:59]} 43. Rc3 {[%clk 0:23:22]} Ra6 {[%clk 0:32:09]} 44. f4 {[%clk
0:22:38]} Rc6 {[%clk 0:32:23]} 45. a4+ {[%clk 0:22:24]} Kb6 {[%clk 0:32:35]} 46.
Be3+ {[%clk 0:22:23]} Kb7 {[%clk 0:32:56]} 47. Rxc6 {[%clk 0:20:00]} Kxc6 {[%clk
0:33:21]} 48. Bc5 {[%clk 0:18:54]} Rxc5 {[%clk 0:32:26]} 49. bxc5 {[%clk
0:19:17]} Kxc5 {[%clk 0:32:54]} 50. Kh4 {[%clk 0:19:13]} f5 {[%clk 0:32:50]} 51.
Kg3 {[%clk 0:18:26]} Kb4 {[%clk 0:33:13]} 52. a5 {[%clk 0:18:40]} Kxa5 {[%clk
0:33:39]} 53. Kh3 {[%clk 0:18:55]} Kb4 {[%clk 0:34:00]} 54. Kg3 {[%clk 0:19:04]}
Kc4 {[%clk 0:34:24]} 55. Kg2 {[%clk 0:18:52]} Kd4 {[%clk 0:34:05]} 56. Kh3 {[%clk
0:18:37]} Ke4 {[%clk 0:34:16]} 57. Kg3 {[%clk 0:18:36]} h4+ {[%clk 0:34:30]} 58.
Kh3 {[%clk 0:16:33]} Kxf4 {[%clk 0:34:53]} 59. Kxh4 {[%clk 0:16:49]} Kf3 {[%clk
0:34:33]} 60. Kg5 {[%clk 0:17:04]} Kxf2 {[%clk 0:34:55]} 61. Kf4 {[%clk 0:00:20]}
0-1